Juvenile growth response of selected wild Amazonian accessions and hybrid Hevea clones of Wickham origin in a drought stressed environment (Record no. 46688)

MARC details
000 -LEADER
fixed length control field 00757nam a2200253Ia 4500
100 ## - MAIN ENTRY--AUTHOR NAME
Personal name Mercy M A
245 #0 - TITLE STATEMENT
Title Juvenile growth response of selected wild Amazonian accessions and hybrid Hevea clones of Wickham origin in a drought stressed environment
260 ## - PUBLICATION, DISTRIBUTION, ETC. (IMPRINT)
Name of publisher Natural Rubber Research
Year of publication 2011
300 ## - PHYSICAL DESCRIPTION
Number of Pages 76-83
500 ## - GENERAL NOTE
General note Source Year: 2011
650 ## - SUBJECT ADDED ENTRY--TOPICAL TERM
Topical Term Amazonian accessions
650 ## - SUBJECT ADDED ENTRY--TOPICAL TERM
Topical Term Amazonian accessions
650 ## - SUBJECT ADDED ENTRY--TOPICAL TERM
Topical Term Drought tolerance
650 ## - SUBJECT ADDED ENTRY--TOPICAL TERM
Topical Term Drought tolerance
650 ## - SUBJECT ADDED ENTRY--TOPICAL TERM
Topical Term Wickham clones
650 ## - SUBJECT ADDED ENTRY--TOPICAL TERM
Topical Term Wickham clones
650 ## - SUBJECT ADDED ENTRY--TOPICAL TERM
Topical Term Wild germplasm
650 ## - SUBJECT ADDED ENTRY--TOPICAL TERM
Topical Term Wild germplasm
700 ## - ADDED ENTRY--PERSONAL NAME
Personal name Meenakumari T
700 ## - ADDED ENTRY--PERSONAL NAME
Personal name Mydin K K
700 ## - ADDED ENTRY--PERSONAL NAME
Personal name Nair D B
942 ## - ADDED ENTRY ELEMENTS (KOHA)
Koha item type Articles
Holdings
Withdrawn status Lost status Damaged status Not for loan Home library Current library Shelving location Date acquired Serial Enumeration / chronology Koha item type
      Articles RRII Library RRII Library Germaplsm 20/12/2021 Volume 24, Issue 1 Articles